Les Etats des Etats-Unis sans accès à la mer - Statistiques

Statistiques générales
  • Ce quiz a été pris 658 fois
  • Le résultat moyen est 24 sur 27
Statistiques - réponses
Nom de l'Etat % Correct
5 Dakota du Sud
96%
2 Arkansas
95%
4 Dakota du Nord
95%
9 Iowa
94%
10 Kansas
94%
11 Kentucky
94%
23 Utah
94%
27 Wyoming
94%
7 Illinois
93%
17 Nevada
93%
19 Ohio
93%
3 Colorado
91%
6 Idaho
91%
8 Indiana
91%
1 Arizona
90%
14 Missouri
90%
15 Montana
90%
26 Wisconsin
90%
18 Nouveau Mexique
87%
20 Oklahoma
87%
24 Vermont
87%
25 Virginie Occidentale
87%
16 Nebraska
86%
22 Tennessee
86%
12 Michigan
83%
13 Minnesota
82%
21 Pennsylvanie
68%
Aucun quiz correspondant
Distribution des résultats
% des personnes avec chaque résultat
Percentile par nombre de réponses
Votre historique - résultats
Vous n’avez pas pris ce quiz